00680nam a22001937a 450000500170000001000150001702000270003203500140005903700130007308200120008624501950009826000400029327000440033330000290037750000190040670000190042570000170044470000250046120161129124926.0 aENG-116697 a9788184845242c1280.00 aEN-100229 bDBAD/PUB a338.954 aIndian economy : a visionary perspective :cedited by John Felix Raj, Samrat Roy [and] Koushik Kumar Hatibessays in honour of sesquicentenary of St. Xavier's College (Autonomous), Kolkata / aNew DelhibRegal Publicationsc2016 aF-159 Rajouri GardenbNew Delhie110027 ax,280p. :c23cm(Hb)bill aIncludes index aJohn Felix Raj a Roy, Samrat aHati, Koushik Kumar